Learning to become rational : the case of self-referential autoregressive and non-stationary models

Αποθηκεύτηκε σε:
Λεπτομέρειες βιβλιογραφικής εγγραφής
Κύριος συγγραφέας: Zenner, Markus 1963-
Μορφή: Βιβλίο
Γλώσσα:English
Δημοσίευση: New York : Springer-Verlag, c1996
Σειρά:Lecture notes in economics and mathematical systems ; ; v. 439
Θέματα:
Ετικέτες: Προσθήκη ετικέτας
Δεν υπάρχουν, Καταχωρήστε ετικέτα πρώτοι!

MARC

LEADER 00000nam a2200000 i 4500
001 1/5328
008 000602s1996 eng d
020 |a 3-540-61279-3 
035 |l 10061544 
040 |a GR-MY-UA  |b gre  |e aacr 
041 0 |a eng 
082 0 |a 330.0151  |2 (20) 
100 1 |a Zenner, Markus  |d 1963- 
245 1 0 |a Learning to become rational :  |b the case of self-referential autoregressive and non-stationary models /  |c Markus Zenner 
260 |a New York :   |b Springer-Verlag,   |c c1996 
300 |a vii, 201 p.;  |b ill.;  |c 24 cm. 
490 1 |a Lecture notes in economics and mathematical systems  |v ; v. 439 
504 |a Includes bibliographical references (p. 189-197) 
650 0 0 |a Rational expectations (Economic theory)  |x Mathematical models. 
650 0 0 |a Autoregression (Statistics) 
650 0 0 |a Economics, Mathematical. 
830 0 |a Lecture notes in economics and mathematical systems ;  |v ; v. 439 
852 |a INST  |b SAMOS  |e 20000602  |h 330.0151 ZEN  |p 005300019719  |q 005300019719  |t BK  |y 0 
901 |a BIBL3-2000-2 
909 |a Σ  |b 078771 
922 |a 3ΕΛΗ  |b 200005  |c ΚΠΣ  |d ΠΑΠΑΣΩΤΗΡΙΟΥ 
950 |a 116-1999-12-31 
970 |a ΜΑΛΑΓΑΡΗ  |b ΦΩΤΕΙΝΗ  |z 2000/07/26